00521cam a22002051 4500001001300000003000400013005001700017008004100034010001700075035001900092040001900111042001200130050001500142100002400157245002800181260004100209300003200250650001600282999001700298sa 64004215 DLC20260227112023.0750623s1962 xx 000 0 eng  asa 64004215  a(OCoLC)1405333 aDLCcNSyUdDLC apremarc00aTC805b.S31 aSahasrabudhe, S. R.10aIrrigation engineering. aLudhiana,bKatson Pub. Housec[1962] aiii, 458 p.billus.c22 cm. 0aIrrigation. c58377d58377